Family studies (Record no. 1320369)
[ view plain ]
| 000 -LEADER | |
|---|---|
| fixed length control field | 00984nam a22002297a 4500 |
| 005 - DATE AND TIME OF LATEST TRANSACTION | |
| control field | 20250507164202.0 |
| 008 - FIXED-LENGTH DATA ELEMENTS--GENERAL INFORMATION | |
| fixed length control field | 250507b |||||||| |||| 00| 0 eng d |
| 020 ## - INTERNATIONAL STANDARD BOOK NUMBER | |
| International Standard Book Number | 9780198930693 |
| 037 ## - SOURCE OF ACQUISITION | |
| Terms of availability | Texual |
| 040 ## - CATALOGING SOURCE | |
| Original cataloging agency | RTL |
| Transcribing agency | RTL |
| 084 ## - COLON CLASSIFICATION NUMBER | |
| Classification number | Y2.2 R4 |
| Assigning agency | RTL |
| 245 ## - TITLE STATEMENT | |
| Title | Family studies |
| 260 ## - PUBLICATION, DISTRIBUTION, ETC. | |
| Place of publication, distribution, etc. | Oxford |
| Name of publisher, distributor, etc. | Oxford University Press |
| Date of publication, distribution, etc. | 2024 |
| 300 ## - PHYSICAL DESCRIPTION | |
| Extent | xvi, 358 p. :ill. |
| Other physical details | Includes bibliographical references and index |
| 490 ## - SERIES STATEMENT | |
| Series statement | Oxford studies in contemporary Indian society |
| 520 ## - SUMMARY, ETC. | |
| Summary, etc. | Fills the vacuum in the fields of family, kinship, and marriage studies that has existed since the early 1990s<br/>Expands the narrow scope of existing studies on family in the Indian context and presents crucial new research directions<br/>Brings together contributions from a diverse range of early- and mid-career as well as senior scholars |
| 650 ## - SUBJECT ADDED ENTRY--TOPICAL TERM | |
| Topical term or geographic name entry element | Family |
| 650 ## - SUBJECT ADDED ENTRY--TOPICAL TERM | |
| Topical term or geographic name entry element | Kinship |
| 650 ## - SUBJECT ADDED ENTRY--TOPICAL TERM | |
| Topical term or geographic name entry element | Marriage |
| 700 ## - ADDED ENTRY--PERSONAL NAME | |
| Personal name | Agrawal, Anuja |
| Relator term | Editor |
| 942 ## - ADDED ENTRY ELEMENTS (KOHA) | |
| Source of classification or shelving scheme | Colon Classification (CC) |
| Suppress in OPAC | No |
| Koha item type | Textbook |
| Classification part | Y2.2 R4 |
| Withdrawn status | Lost status | Source of classification or shelving scheme | Damaged status | Not for loan | Home library | Current library | Date acquired | Total Checkouts | Full call number | Barcode | Date due | Date last seen | Date last checked out | Price effective from | Koha item type |
|---|---|---|---|---|---|---|---|---|---|---|---|---|---|---|---|
| Colon Classification (CC) | Ratan Tata Library | Ratan Tata Library | 2025-05-07 | 1 | Y2.2 R4 | RT1585246 | 2026-04-02 | 2026-03-26 | 2026-03-26 | 2025-05-07 | Textbook |
